| 000 | 00352nam a22001457a 4500 | ||
|---|---|---|---|
| 999 |
_c18029 _d18029 |
||
| 008 | 191115b xxu||||| |||| 00| 0 eng d | ||
| 020 | _a9351436645 | ||
| 050 |
_aKU3536 _b.G55 2016 c.1 |
||
| 100 | _aGlissan, J.L. | ||
| 245 | _aAdvocacy in Practice | ||
| 250 | _a6th ed. | ||
| 260 |
_aUK _blexisNexis _c2016 |
||
| 300 | _axxi, 274p. | ||
| 942 |
_2lcc _cBK |
||